The obstinate questionings of English romanticism /

Bibliographic Details
Main Author: Swingle, L. J., 1940-
Format: Book
Language:English
Published: Baton Rouge : Louisiana State University Press, [1987]
Subjects:

MARC

Tag First Indicator Second Indicator Subfields
LEADER 00000cam a22000008a 4500
001 in00000014703
005 20151007052851.0
008 870323s1987 lau b s00110 eng
010 |a  87003769  
020 |a 0807113530 
035 |a (OCoLC)15519302 
035 |9 AAA9498AM 
040 |a DLC  |c DLC  |d m/c  |d TXA  |d UtOrBLW 
043 |a e-uk---  |a e-uk-en 
049 |a TXAM  |c [A11081472] 
050 0 0 |a PR457  |b .S9 1987 
082 0 |a 820/.9/145  |2 19 
100 1 |a Swingle, L. J.,  |d 1940- 
245 1 4 |a The obstinate questionings of English romanticism /  |c L.J. Swingle. 
263 |a 8712 
264 1 |a Baton Rouge :  |b Louisiana State University Press,  |c [1987] 
264 4 |c ©1987 
300 |a 211 pages 
336 |a text  |b txt  |2 rdacontent 
337 |a unmediated  |b n  |2 rdamedia 
338 |a volume  |b nc  |2 rdacarrier 
504 |a Bibliography: pages 197-206. 
500 |a Includes index. 
650 0 |a English literature  |y 19th century  |x History and criticism. 
650 0 |a Romanticism  |z England. 
650 0 |a Philosophy in literature. 
999 |a MARS 
999 f f |s fd11451e-a2af-323f-976d-ba903c494c40  |i 7d2896bc-c703-3370-b3c1-a0aa8265ed7b  |t 0 
952 f f |p normal  |a Texas A&M University  |b College Station  |c Sterling C. Evans Library  |d Evans: Library Stacks  |t 0  |e PR457 .S9 1987  |h Library of Congress classification  |i unmediated -- volume  |m A14811081472 
998 f f |a PR457 .S9 1987  |t 0  |l Evans: Library Stacks